000
00308nam a2200109 4500
008
160625b xxu||||| |||| 00| 0 eng d
100
_9
1157
_a
Sainani, V.K
245
_a
Methods & Problems in Mathematics
260
_a
N.D
_b
Sainani & Sons
_c
1989
300
_a
Methods & Problems in Mathematics
942
_2
ddc
_c
BK
999
_c
939
_d
939